000 00899nam a22003017a 4500
001 8306
003 FISKH
005 20250908154209.0
008 250908b cb ||||| |||| 00| 0 eng d
020 _a9780152051518
040 _aFISKH
_beng
_cFISKH
_dFISKH
050 _aPZ7.J3665 S
082 _a487
100 _aJeffries, Alison
245 _aSam and the bag /
_cAlison Jeffries ; Illustrated by Dan Andreasen
250 _aThis edition first published in 2004
260 _aNew York :
_bGreenlight,
_c2003
300 _a18 unnumbered pages :
_bcolor illustrations ;
_c22 cm
505 _aC
520 _aSam the cat joins his friends Hap and Max in playing with a bag.
521 8 _a80
_bLexile
521 8 _aC
_bRaz-Plus
650 _2American
_aPets
650 _2Literature
_aPreschool
700 _aAndreasen, Dan
_dillustrator
942 _2ddc
_cBK
_n0
999 _c8306
_d8306